000 00556 a2200217 4500
005 20260417132654.0
008 260417b |||||||| |||| 00| 0 eng d
020 _a9789390658626
_cRs. 1995.00
040 _aMAIN
082 _a001.44
_bS77G
100 _aSuresh, S
245 _aGetting research grants : A practical guide
260 _bAne Books
_c2026
_aNew Delhi
300 _aviii, 404
650 _aKnowledge
650 _aComputer Science
650 _aResearch Methods
700 _aKumar, S N
700 _aZafar, Sherin
942 _cBK
999 _c395444
_d395444